Secreto profesional (Registro nro. 11167)
[ vista simple ]
| 000 -LEADER | |
|---|---|
| fixed length control field | 00284 a2200109 4500 |
| 001 - CONTROL NUMBER | |
| control field | ART_5664 |
| 005 - DATE AND TIME OF LATEST TRANSACTION | |
| control field | 20260410161617.0 |
| 008 - FIXED-LENGTH DATA ELEMENTS--GENERAL INFORMATION | |
| fixed length control field | 260409a |
| 100 1# - MAIN ENTRY--PERSONAL NAME | |
| Personal name | Melzi, Flavia Irene |
| 245 10 - TITLE STATEMENT | |
| Title | Secreto profesional |
| 773 0# - HOST ITEM ENTRY | |
| Title | Enfoques |
| Related parts | - Nº 7 (jul. 2006) |
| Record control number | REV416 |
No hay ítems disponibles.